Statistics for Religion in the Netherlands

Click here to take the quiz!

General Stats

  • This quiz has been taken 62 times
  • The average score is 4 of 8

Answer Stats

PercentageReligion% Correct
1%Islam
83%
5%Other Christian
81%
1%Buddhism
57%
17%Catholicism
52%
15%Protestantism
50%
2%Eastern Orthodox
33%
7%Other Religions
16%
52%Unaffiliated
7%

Score Distribution

Percentile by Number Answered

Percent of People with Each Score

Your Score History

You have not taken this quiz